Normal view
MARC view
Entry Corporate Name
001 - CONTROL NUMBER
- control field: 930366
003 - CONTROL NUMBER IDENTIFIER
- control field:
005 - DATE AND TIME OF LATEST TRANSACTION
- control field: 20210627102155.0
008 - FIXED-LENGTH DATA ELEMENTS
- fixed length control field: 210627|| aca||aabn | a|a d
040 ## - CATALOGING SOURCE
- Original cataloging agency:
- Transcribing agency:
110 ## - HEADING--CORPORATE NAME
- Corporate name or jurisdiction name as entry element: United States.
- Subordinate unit: Agricultural Marketing Service.
- Title of a work: Poultry and egg situation
670 ## - SOURCE DATA FOUND
- Source citation: Work cat.: ()810717: United States. Department of Agriculture 706342, Selected statistical series for poultry and eggs through 1965 /, 1966
